England National Football Team Players: G - Statistics

General Stats
  • This quiz has been taken 7 times
  • The average score is 12 of 57
Answer Stats
Caps Goals First Cap Last Cap Player % Correct
39 4 2020 2024 Jack Grealish
80%
114 21 2000 2014 Steven Gerrard
80%
1 0 1991 1991 Andy Gray
60%
16 2 2024 2025 Anthony Gordon
60%
3 0 1902 1902 Billy George
60%
1 0 1976 1976 Charlie George
60%
57 44 1959 1967 Jimmy Greaves
60%
10 0 2010 2015 Kieran Gibbs
60%
3 0 1999 1999 Michael Gray
60%
4 0 2024 2024 Angel Gomes
40%
1 0 2004 2004 Anthony Gardner
40%
22 1 2021 2025 Conor Gallagher
40%
15 0 2017 2024 Joe Gomez
40%
2 0 1925 1925 Leonard Graham
40%
6 0 2024 2025 Morgan Gibbs-White
40%
57 10 1988 1998 Paul Gascoigne
40%
1 0 1875 1875 Richard Greaves
40%
2 0 2021 2021 Ben Godfrey
20%
18 0 1976 1980 Brian Greenhoff
20%
2 0 1980 1980 Eric Gates
20%
1 0 1876 1876 Frederick Green
20%
8 0 1925 1928 George Green
20%
1 0 1921 1921 Harold Gough
20%
14 12 1888 1898 John Goodall
20%
3 0 1893 1894 Leslie Gay
20%
26 1 2022 2025 Marc Guehi
20%
1 0 2020 2020 Mason Greenwood
20%
5 2 1892 1895 Robert Gosling
20%
12 0 2005 2012 Robert Green
20%
25 0 1926 1933 Roy Goodall
20%
2 0 1934 1935 Tommy Gardner
20%
2 1 1884 1884 William Gunn
20%
4 0 1933 1937 Albert Geldard
0%
1 0 1873 1873 Alfred Goodwyn
0%
1 1 1879 1879 Arthur Goodyer
0%
6 0 1920 1923 Arthur Grimsdell
0%
1 0 1898 1898 Ben Garfield
0%
1 0 1906 1906 Bert Gosnell
0%
1 0 1903 1903 Billy Garraty
0%
1 0 1935 1935 Bobby Gurney
0%
3 0 1931 1936 Charles Gee
0%
7 3 1956 1957 Colin Grainger
0%
2 0 1882 1882 Doctor Greenwood
0%
2 3 1890 1891 Fred Geary
0%
3 0 1883 1883 Harry Goodhart
0%
2 0 1872 1873 Harwood Greenhalgh
0%
3 0 1975 1975 Ian Gillard
0%
1 0 1977 1977 John Gidman
0%
6 0 1983 1984 John Gregory
0%
14 4 1937 1939 Len Goulden
0%
1 1 1982 1982 Paul Goddard
0%
1 0 1999 1999 Steve Guppy
0%
2 1 1937 1937 Tom Galley
0%
3 2 1933 1933 Tom Grosvenor
0%
3 0 1952 1953 Tommy Garrett
0%
2 3 1924 1925 Vivian Gibbins
0%
1 3 1893 1893 Walter Gilliat
0%
No matching quizzes found
Score Distribution
Percent of People with Each Score
Percentile by Number Answered
Your Score History
You have not taken this quiz